• 首页
  • 本馆介绍
  • 公告通知
  • 最新文献
  • 馆藏检索
  • 电子资源
  • 读者导购
  • 参考咨询
  • 我的图书馆
  • 登录
  • 详细信息显示
  • 放入我的书架
  • 预约/预借图书
  • 作者相关作品
  • 分类相关作品
  • 丛书相关作品
  • 出版社相关作品

书目信息

  • 表格格式
  • 工作单格式
  • 卡片格式
题名:
现代水文学
    
 
作者: 徐宗学 主编 ;彭定志 编著
分册:  
出版信息: 北京   北京师范大学出版社  2017.03
页数: 362页
开本: 23cm
丛书名:
单 册:
中图分类: P33
科图分类:
主题词: 水文学--高等学校--教材 , 水文学
电子资源:
ISBN: 978-7-303-15892-8
000 00993nam0 2200277 450
001 5506
005 20181016100410.37
010    @a978-7-303-15892-8@dCNY36.00
090    @aP33@bxzx
100    @a20140429d2017 em y0chiy50 ea
101 0  @achi
102    @aCN@b110000
105    @aa z 000yy
200 1  @a现代水文学@9xian dai shui wen xue@dAdvanced hydrology@f徐宗学主编@g彭定志[等]编著@zeng
210    @a北京@c北京师范大学出版社@d2017.03
215    @a362页@c图@d23cm
300    @a新世纪高等学校教材 环境科学与工程系列教材
330    @a本书内容包括:产汇流理论与计算方法、分布式水文模型、现代水文信息采集与集成、定量降水预报、现代水文遥感技术、现代水文预报、现代洪水风险分析、水文学中的非线性方法等。
510 1  @aAdvanced hydrology@zeng
606 0  @a水文学@x高等学校@j教材
606 0  @a水文学
690    @aP33@v5
701  0 @a徐宗学@9xu zong xue@f(1962~)@4主编
702  0 @a彭定志@9peng ding zhi@f(1977~)@4编著
801  0 @aCN@bNLC@c20140429
905    @aMuseLib@dP33@e143
    
    现代水文学=Advanced hydrology/徐宗学主编/彭定志[等]编著.-北京:北京师范大学出版社,2017.03
    362页:图;23cm
    新世纪高等学校教材 环境科学与工程系列教材
    
    ISBN 978-7-303-15892-8:CNY36.00
    本书内容包括:产汇流理论与计算方法、分布式水文模型、现代水文信息采集与集成、定量降水预报、现代水文遥感技术、现代水文预报、现代洪水风险分析、水文学中的非线性方法等。
●
相关链接 在E读中查询图书 在五车中查询图书 在当当中查询图书 在豆瓣中查询图书


正题名:现代水文学     索取号:P33/143         预约/预借

序号 登录号 条形码 馆藏地/架位号 状态 备注
1 1130045   211300457   第二样本阅览室/ [索取号:P33/143] 在馆    
2 1130046   211300466   密集书库-资源管理系/ [索取号:P33/143] 在馆    
3 1130047   211300475   第三借阅区/ [索取号:P33/143] 在馆    
4 1130048   211300484   第三借阅区/ [索取号:P33/143] 在馆    
5 1130049   211300493   第三借阅区/ [索取号:P33/143] 在馆    
唐山师范学院图书馆 欢迎您!
大连网信软件有限公司© 版权所有